La fécondité des poissons téléostéens
Збережено в:
| Автори: | , |
|---|---|
| Формат: | Книга |
| Мова: | Французька |
| Опубліковано: |
París
Masson
1984
|
| Серія: | Collection de Biologie des Milieux Marins, 5
|
| Предмети: | |
| Теги: |
Додати тег
Немає тегів, Будьте першим, хто поставить тег для цього запису!
|
MARC
| LEADER | 00000nam a2200000 a 4500 | ||
|---|---|---|---|
| 001 | UCY7789 | ||
| 003 | CL-VaPUC | ||
| 008 | 950622e19840000FR |||||||||||||||||fre|d | ||
| 082 | 0 | 4 | |a 597.5 |b KAR |2 21 |
| 100 | 0 | |a Kartas, Fredj |e author |9 338595 | |
| 700 | 0 | |a Quignard, Jean-Pierre |e author |9 338596 | |
| 245 | 1 | 3 | |a La fécondité des poissons téléostéens |
| 300 | |a 121 p | ||
| 942 | |c BK | ||
| 945 | |d 19950622 00:00:00 |a awong | ||
| 260 | |a París |b Masson |c 1984 | ||
| 650 | 7 | |a PECES |2 CL-VaPUC |9 338597 | |
| 650 | 7 | |a FECUNDIDAD |2 CL-VaPUC |9 335136 | |
| 650 | 7 | |a OVARIOS |2 CL-VaPUC |9 338598 | |
| 650 | 7 | |a HUEVOS |2 CL-VaPUC |9 259518 | |
| 650 | 7 | |a ESPERMA |2 CL-VaPUC |9 338599 | |
| 650 | 0 | |a Análisis numérico |9 259387 | |
| 583 | |a last modification |c 19950622 00:00:00 |k Rodrigo Vera | ||
| 490 | 0 | |a Collection de Biologie des Milieux Marins, 5 | |
| 999 | |c 235104 |d 235102 | ||
| 952 | |0 0 |1 0 |2 ddc |4 0 |6 597_500000000000000_KAR_1984 |7 0 |8 P |9 242289 |a BIBCUR |b BIBCUR |c PAC |d 2019-11-18 |i 3093565 |o 597.5 KAR 1984 |p 3093565 |r 2025-04-22 |w 2019-11-18 |y BK |k CIM | ||